[Event "CRC-ch qual (Women)"]
[Site "San Jose"]
[Date "2016.03.20"]
[Round "6.3"]
[White "Acevedo Mendez, Jennifer"]
[Black "Nunez Gonzalez, Joshebeth Elena"]
[Result "1-0"]
[WhiteElo "1742"]
[BlackElo "1675"]
[PlyCount "61"]
[EventDate "2016.03.05"]
[EventType "swiss"]
[EventRounds "7"]
[EventCountry "CRI"]
[SourceTitle "EXT 2024"]
[Source "ChessBase"]
[SourceDate "2023.10.10"]
[SourceVersion "1"]
[SourceVersionDate "2023.10.10"]
[SourceQuality "1"]

1. e4 d6 2. d4 Nf6 3. Nc3 g6 4. f4 Bg7 5. Nf3 c5 6. Bb5+ Bd7 7. e5 dxe5 8. fxe5 Ng4 9. e6 Bxb5 10. exf7+ Kf8 11. Nxb5 Qa5+ 12. Nc3 cxd4 13. Nxd4 Qe5+ 14. Nde2 Nf6 15. 0-0 Nc6 16. Nf4 Kxf7 17. Nd3 Qd4+ 18. Kh1 Rhf8 19. Qe2 Qc4 20. Rf4 Qa6 21. Be3 Kg8 22. Ra4 Na5 23. Bg5 Rae8 24. Qe5 b6 25. Qe6+ Kh8 26. Ne5 Nh5 27. Ne2 Bxe5 28. Qxe5+ Ng7 29. Bh6 Rf7 30. Rf4 Ref8 31. Bxg7+ 1-0

[Event "CRC-ch qual (Women)"]
[Site "San Jose"]
[Date "2016.03.13"]
[Round "3.4"]
[White "Marin Leon, Valeria"]
[Black "Nunez Gonzalez, Joshebeth Elena"]
[Result "0-1"]
[WhiteElo "1496"]
[BlackElo "1675"]
[PlyCount "116"]
[EventDate "2016.03.05"]
[EventType "swiss"]
[EventRounds "7"]
[EventCountry "CRI"]
[SourceTitle "EXT 2024"]
[Source "ChessBase"]
[SourceDate "2023.10.10"]
[SourceVersion "1"]
[SourceVersionDate "2023.10.10"]
[SourceQuality "1"]

1. e4 d6 2. d4 Nf6 3. Nc3 g6 4. Nf3 Bg7 5. Bc4 0-0 6. 0-0 c6 7. Bg5 b5 8. Bd3 a5 9. a3 Bb7 10. Qd2 Na6 11. Bh6 Nc7 12. Bxg7 Kxg7 13. Qg5 Nd7 14. Rfe1 f6 15. Qg3 e5 16. dxe5 dxe5 17. Nh4 Kf7 18. Rad1 Qe7 19. a4 Ba6 20. Qh3 Rad8 21. Re3 b4 22. Ne2 Nc5 23. b3 Nxd3 24. cxd3 Qe6 25. Qxe6+ Nxe6 26. Nc1 Rd7 27. Nf3 Rfd8 28. Ne1 Nd4 29. Rd2 c5 30. g3 Rd6 31. Nf3 Ke6 32. Nxd4+ cxd4 33. Ree2 Rc6 34. Na2 Rdc8 35. Kf1 R6c7 36. Ke1 Bb7 37. Kd1 Bc6 38. Rc2 Bd7 39. Rxc7 Rxc7 40. Rc2 Rxc2 41. Kxc2 Kd6 42. Nc1 Bg4 43. Kd2 f5 44. Ne2 Bf3 45. exf5 gxf5 46. Ng1 Bd5 47. Kc2 e4 48. Ne2 Kc5 49. Nf4 e3 50. fxe3 dxe3 51. Nxd5 Kxd5 52. Kd1 Kd4 53. Ke2 Kc3 54. Kxe3 Kxb3 55. Kd2 Kxa4 56. Kc2 Kb5 57. h4 Kc5 58. h5 Kd4 0-1